Normal view MARC view

Entry Personal Name

Number of records used in: 2

001 - CONTROL NUMBER

  • control field: 25962

003 - CONTROL NUMBER IDENTIFIER

  • control field: dpl

005 - DATE AND TIME OF LATEST TRANSACTION

  • control field: 20110214172246.0

008 - FIXED-LENGTH DATA ELEMENTS

  • fixed length control field: 110214|||a|||||| | ||| d

040 ## - CATALOGING SOURCE

  • Original cataloging agency: dpl
  • Transcribing agency: dpl

100 ## - HEADING--PERSONAL NAME

  • Personal name: गुप्ता, अरूप कुमार

670 ## - SOURCE DATA FOUND

  • Source citation: Work cat.: (dpl): टंडन,आर.के. 25960, देश के लिए कुर्बान /, 2010

670 ## - SOURCE DATA FOUND

  • Source citation: Work cat.: (dpl): टंडन,आर.के. 25960, देश के लिए कुर्बान /, 2010

© Delhi Public Library
Hit Counter
free hit counter